Quiz sull'Australia - Statistics

Statistiche generali
  • Questo quiz è stato fatto 1.771 volte
  • Il punteggio medio è 7 su 22
Statistiche sulle risposte
Hint Risposta % Corretto
Capitale Canberra
97%
Città più popolosa Sydney
82%
I due animali che appaiono sullo stemma dell'Australia Canguro
79%
Isola più grande Tasmania
67%
Festa celebrata il 26 gennaio {Australia} day
41%
Costellazione presente sulla bandiera Croce del sud
36%
Popolazione indigena dell'Australia {Aborigeni} Australiani
34%
Emù
31%
Nome indigeno del grande massiccio roccioso noto come Ayers Rock Uluru
31%
Stato in cui si trova Brisbane Queensland
27%
Antico strumento utilizzato per la caccia Boomerang
26%
Ornitorinco
25%
Termine per la vasta remota regione interna dell'Australia The {Outback}
24%
Il Nuovo Galles del Sud era stato originariamente fondato come ... Colonia {Penale}
22%
Compagnia aerea di bandiera Qantas
21%
Nome dei due animali "monotremi" australiani Echidna
19%
Nome che l'esploratore Abel Tasman ha dato all'Australia Nuova {Olanda}
18%
Questi esemplari appartenenti alla classe dei Cnidari vivono in Australia e sono considerati tra le creature più velenose del mondo Meduse
15%
Gemma nazionale Opale
15%
Cosa non troverai in Nullarbor Plain, nel South Australia Alberi
14%
Marca di estratto di lievito da spalmare Vegemite
14%
Inno nazionale Advance Australia {Fair}
10%
Nessun quiz corrispondente trovato
Distribuzione punteggi
Percentuale di utenti per punteggio
Percentile per numero di risposta
I tuoi punteggi nel tempo
Non hai fatto questo quiz